000 00452cam a2200193 4500
001 D851
008 090401t1981 xxu||||| |||| 00| 0 eng d
035 _a(Sirsi) u48461
041 _aeng
050 _a346.4104343
100 _aAldridge, Trevor M.
245 _aLetting business premises.
250 _a4th
260 _aLondon
_bOyez Publishing Ltd
_c1981
300 _axxxi. 178p. 21cm
350 _a11.5
942 _n0
948 _c04/03/1997
999 _c92343
_d92343